书目信息 |
| 题名: |
气焊工基础
|
|
| 作者: | ;国营红湘江机器厂教育科 编 | |
| 分册: | ||
| 出版信息: | 长沙 湖南人民出版社 1974 |
|
| 页数: | 272页 | |
| 开本: | 20cm | |
| 丛书名: | ||
| 单 册: | ||
| 中图分类: | TG435 | |
| 科图分类: | ||
| 主题词: | 焊接设备 | |
| 电子资源: | ||
| ISBN: | ||
| 000 | 00638nam0 2200205 450 | |
| 001 | 0634223438 | |
| 005 | 20060519093218.04 | |
| 010 | @dCNY0.64 | |
| 100 | @a20060519d1974 km y0chiy0120 ea | |
| 101 | 0 | @achi |
| 102 | @aCN@b430000 | |
| 102 | @aCN@b430000 | |
| 200 | 1 | @a气焊工基础@Aqi han gong ji chu@f国营红湘江机器厂教育科编@Fguo ying hong xiang jiang ji qi chang jiao yu ke bian |
| 210 | @a长沙@c湖南人民出版社@d1974 | |
| 215 | @a272页@d20cm | |
| 606 | 0 | @a焊接设备 |
| 690 | @aTG435@v3 | |
| 711 | 0 | @a国营红湘江机器厂教育科@Aguo ying hong xiang jiang ji qi chang jiao yu ke@4编 |
| 801 | 0 | @aCN@bPFT@c20060519 |
| 905 | @a10447@dTG435@e3 | |
| 气焊工基础/国营红湘江机器厂教育科编.-长沙:湖南人民出版社,1974 |
| 272页;20cm |
| ISBN :CNY0.64 |
| ● |
| 相关链接 |
|
|
|
|
正题名:气焊工基础
索取号:TG435/3
 
预约/预借
| 序号 | 登录号 | 条形码 | 馆藏地/架位号 | 状态 | 备注 |
| 1 | 0013339 | 202361498 | 密集书库/ [索取号:TG435/3] | 在馆 |